MARC details
| 000 -LEADER |
| fixed length control field |
02671cam a2200409 i 4500 |
| 001 - CONTROL NUMBER |
| control field |
913890107 |
| 003 - CONTROL NUMBER IDENTIFIER |
| control field |
OCoLC |
| 005 - DATE AND TIME OF LATEST TRANSACTION |
| control field |
20241126110710.0 |
| 008 - FIXED-LENGTH DATA ELEMENTS--GENERAL INFORMATION |
| fixed length control field |
150630s2016 nju b 001 0 eng |
| 010 ## - |
| -- |
2015024880 |
| 020 ## - INTERNATIONAL STANDARD BOOK NUMBER |
| International Standard Book Number |
9781629951867 (pbk.) |
| 020 ## - INTERNATIONAL STANDARD BOOK NUMBER |
| International Standard Book Number |
1629951862 (pbk.) |
| 020 ## - INTERNATIONAL STANDARD BOOK NUMBER |
| Canceled/invalid ISBN |
9781629951874 (epub) |
| 020 ## - INTERNATIONAL STANDARD BOOK NUMBER |
| Canceled/invalid ISBN |
9781629951881 (mobi) |
| 035 ## - SYSTEM CONTROL NUMBER |
| System control number |
(OCoLC)913890107 |
| 040 ## - CATALOGING SOURCE |
| Original cataloging agency |
DLC |
| Language of cataloging |
eng |
| Description conventions |
rda |
| Transcribing agency |
DLC |
| Modifying agency |
OCLCF |
| -- |
YDXCP |
| -- |
SGB |
| 042 ## - |
| -- |
pcc |
| 050 00 - |
| -- |
BT810.3 |
| -- |
.C47 2016 |
| 082 00 - DEWEY DECIMAL CLASSIFICATION NUMBER |
| Classification number |
233.7 |
| Edition information |
23 |
| Item number |
CHR |
| 092 ## - LOCALLY ASSIGNED DEWEY CALL NUMBER (OCLC) |
| Classification number |
233.7 |
| Item number |
C46w |
| 100 1# - MAIN ENTRY--PERSONAL NAME |
| Personal name |
Christensen, Scott, |
| Dates associated with a name |
1965- |
| Authority record control number or standard number |
https://id.loc.gov/authorities/names/n2015040708 |
| 9 (RLIN) |
16326 |
| 245 10 - TITLE STATEMENT |
| Title |
What about free will? : |
| Remainder of title |
reconciling our choices with God's sovereignty / |
| Statement of responsibility, etc. |
Scott Christensen. |
| 264 #1 - PRODUCTION, PUBLICATION, DISTRIBUTION, MANUFACTURE, AND COPYRIGHT NOTICE |
| Place of production, publication, distribution, manufacture |
Phillipsburg, New Jersey : |
| Name of producer, publisher, distributor, manufacturer |
P&R Publishing |
| Date of production, publication, distribution, manufacture, or copyright notice |
[2016] |
| 300 ## - PHYSICAL DESCRIPTION |
| Extent |
xiv, 284 pages ; |
| Dimensions |
23 cm |
| 336 ## - CONTENT TYPE |
| Content type term |
text |
| Content type code |
txt |
| Source |
rdacontent |
| 337 ## - MEDIA TYPE |
| Media type term |
unmediated |
| Media type code |
n |
| Source |
rdamedia |
| 338 ## - CARRIER TYPE |
| Carrier type term |
volume |
| Carrier type code |
nc |
| Source |
rdacarrier |
| 504 ## - BIBLIOGRAPHY, ETC. NOTE |
| Bibliography, etc. note |
Includes bibliographical references and indexes. |
| 505 0# - FORMATTED CONTENTS NOTE |
| Formatted contents note |
The free will problem -- A roadmap for libertarianism -- Assessing the whys of libertarianism -- How big is your God? -- A roadmap for compatibilism -- A dual explanation for why good stuff happens -- A dual explanation for why bad stuff happens -- To be free or not to be free -- Why we do the things we do -- A tale of two natures -- Exploring corridors -- Navigating the new nature -- Absolute freedom -- Comparing libertarian and compatibilist beliefs on free agency -- A review of Randy Alcorn's hand in hand: the beauty of God's sovereignty and meaningful human choice. |
| 520 ## - SUMMARY, ETC. |
| Summary, etc. |
Christensen explains two views that acknowledge God's sovereignty and its relation to human responsibility: compatibilism and libertarianism. Providing cogent, biblical answers, Christensen argues for compatibilism and shows how it makes sense of evil, suffering, prayer, evangelism, and sanctification. You will gain a deeper understanding of both arguments, as well as a greater appreciation for the significant role that choices play in God's work. -- Publisher |
| 650 #0 - SUBJECT ADDED ENTRY--TOPICAL TERM |
| Topical term or geographic name entry element |
Free will and determinism |
| General subdivision |
Religious aspects |
| -- |
Christianity. |
| Authority record control number or standard number |
https://id.loc.gov/authorities/subjects/sh95006990 |
| 9 (RLIN) |
16327 |
| 650 #0 - SUBJECT ADDED ENTRY--TOPICAL TERM |
| Topical term or geographic name entry element |
Providence and government of God |
| General subdivision |
Christianity. |
| Authority record control number or standard number |
https://id.loc.gov/authorities/subjects/sh2006003656 |
| 9 (RLIN) |
2430 |
| 650 #0 - SUBJECT ADDED ENTRY--TOPICAL TERM |
| Topical term or geographic name entry element |
Libertarianism. |
| Authority record control number or standard number |
https://id.loc.gov/authorities/subjects/sh85076475 |
| 9 (RLIN) |
16328 |
| 650 #0 - SUBJECT ADDED ENTRY--TOPICAL TERM |
| Topical term or geographic name entry element |
Calvinism. |
| Authority record control number or standard number |
https://id.loc.gov/authorities/subjects/sh85019050 |
| 9 (RLIN) |
3170 |
| 650 #0 - SUBJECT ADDED ENTRY--TOPICAL TERM |
| Topical term or geographic name entry element |
Arminianism. |
| Authority record control number or standard number |
https://id.loc.gov/authorities/subjects/sh85007324 |
| 9 (RLIN) |
16329 |
| 942 ## - ADDED ENTRY ELEMENTS (KOHA) |
| Source of classification or shelving scheme |
Dewey Decimal Classification |
| Koha item type |
Books |
| Koha issues (borrowed), all copies |
3 |